| 000 | 00720nam a2200229 a 4500 | ||
|---|---|---|---|
| 001 | |||
| 003 | OSt | ||
| 005 | 20240412074308.0 | ||
| 008 | 101215s19uu dr 000 0 spa d | ||
| 040 |
_aDO-SdBNP _bspa _cDO-SdBNP |
||
| 082 | 4 |
_a RD863.4 _bC422sa _222 |
|
| 100 | 1 |
_aCestero, Tulio M., _q(Tulio Manuel), _d1877-1955 _91698 |
|
| 245 | 1 | 3 |
_aLa sangre : _buna vida bajo la tiranía / _cTulio Manuel Cestero. |
| 260 |
_aSanto Domingo : _bLibrería Dominicana, _c[195-?] |
||
| 300 |
_a214 p. ; _c19 cm. |
||
| 590 | _aInventariado, 2020/ VM | ||
| 650 | 0 |
_aNovela histórica dominicana. _9860 |
|
| 650 | 0 |
_aLiteratura dominicana. _967 |
|
| 910 | _aVMateo / Validado. Control de calidad MFF | ||
| 942 |
_2ddc _cLBS1 |
||
| 956 | _aVMateo | ||
| 999 |
_c49212 _d49212 |
||